| 000 | 00354nam a2200145Ia 4500 | ||
|---|---|---|---|
| 008 | 150201s2012 xx 000 0 und d | ||
| 082 |
_a610.73 _bT12L |
||
| 100 | _aLYNN, PAMELA | ||
| 245 | _aTAYLOR'S HB. OF CLINICAL NURSING SKILLS | ||
| 250 | _a3RD | ||
| 260 |
_bWOLTER KLUWER _aINDIA _c2012 |
||
| 300 | _a990 | ||
| 650 | _aNURSING | ||
| 942 |
_2ddc _cBK _02 |
||
| 999 |
_c2135 _d2135 |
||